[Event "45. Torneo Internacional La Roda 2018"]
[Site "La Roda ESP"]
[Date "2018.04.01"]
[Round "8.15"]
[White "Gonzalez Trigal, Jose Luis"]
[Black "Castellanos Gomez, Alejandro"]
[Result "0-1"]
[WhiteElo "2374"]
[BlackElo "2224"]
[PlyCount "174"]
[EventDate "2018.03.28"]
[EventType "swiss"]
[EventRounds "9"]
[EventCountry "ESP"]
[SourceTitle "Ajedrez en Madrid"]
[Source "lmi"]
[SourceDate "2018.03.28"]

1. d4 e6 2. c4 b6 3. Nf3 Bb7 4. Nc3 Bb4 5. Qc2 Nf6 6. a3 Bxc3+ 7. Qxc3 Ne4 8.
Qc2 d6 9. g3 Nd7 10. Bg2 Rb8 11. O-O O-O 12. b3 f5 13. Bb2 Qe8 14. Ne1 Qh5 15.
Nd3 Ndf6 16. f3 Ng5 17. h4 Nf7 18. Nf4 Qh6 19. Bc1 Nh5 20. Nxh5 Qxh5 21. Qd2 e5
22. d5 f4 23. Qe1 fxg3 24. Qxg3 Nh6 25. e4 Bc8 26. Bg5 Nf7 27. Be3 Nh8 28. f4
exf4 29. Rxf4 Rxf4 30. Bxf4 Ng6 31. Bg5 Bg4 32. e5 Nxe5 33. Re1 h6 34. Bd2 Rf8
35. Rf1 Rxf1+ 36. Kxf1 Bf3 37. Bh3 Be2+ 38. Kf2 Qf3+ 39. Qxf3 Bxf3 40. Bf1 Bd1
41. b4 Bb3 42. c5 Bxd5 43. cxd6 cxd6 44. a4 Kf7 45. Bc3 Ng6 46. Kg3 Ne7 47. a5
Nf5+ 48. Kf2 Bc6 49. axb6 axb6 50. b5 Be4 51. Bh3 Nxh4 52. Bd4 Bd3 53. Bd7 Ng6
54. Ke3 Bf1 55. Kf2 Bc4 56. Bxb6 Ne5 57. Bc6 Nxc6 58. bxc6 Ke6 59. Ke3 Bb5 60.
c7 Ba6 61. Bd4 g6 62. Bg7 h5 63. Kf4 Kd7 64. Bf6 Kxc7 65. Ke4 Kd7 66. Bg5 Ke6
67. Bd8 Be2 68. Ke3 Bd1 69. Ke4 Bc2+ 70. Kf4 Kd5 71. Be7 Ke6 72. Bd8 Bf5 73.
Bh4 Kd5 74. Be7 Bc2 75. Bf8 Ke6 76. Bh6 Bf5 77. Bg5 d5 78. Ke3 Bb1 79. Kf4 d4
80. Bh4 Kd5 81. Bf2 Kc4 82. Be1 Kd3 83. Bf2 Kc4 84. Be1 Kb3 85. Ba5 d3 86. Be1
Kc2 87. Ke3 h4 0-1

[Event "45. Torneo Internacional La Roda 2018"]
[Site "La Roda ESP"]
[Date "2018.04.01"]
[Round "8.16"]
[White "Perez Garcia, Alejandro"]
[Black "Romero Calduch, Sergio"]
[Result "1-0"]
[WhiteElo "2355"]
[BlackElo "2174"]
[PlyCount "47"]
[EventDate "2018.03.28"]
[EventType "swiss"]
[EventRounds "9"]
[EventCountry "ESP"]
[SourceTitle "Ajedrez en Madrid"]
[Source "lmi"]
[SourceDate "2018.03.28"]

1. Nf3 Nf6 2. c4 e6 3. g3 d5 4. d4 dxc4 5. Bg2 Nbd7 6. O-O a6 7. Nbd2 Nb6 8. a4
Nbd5 9. Nxc4 Be7 10. b3 O-O 11. Nfe5 Bd7 12. Nxd7 Qxd7 13. Bb2 Rfd8 14. e4 Nb4
15. Qe2 Qe8 16. Rfc1 Nc6 17. Rd1 b5 18. Ne3 Rab8 19. a5 Bb4 20. d5 Ne7 21. Bxf6
gxf6 22. Ng4 Kh8 23. Nxf6 Qf8 24. dxe6 1-0

[Event "45. Torneo Internacional La Roda 2018"]
[Site "La Roda ESP"]
[Date "2018.04.01"]
[Round "8.17"]
[White "Valmaña Canto, Jaime"]
[Black "Valhondo Morales, Ruben"]
[Result "0-1"]
[WhiteElo "2346"]
[BlackElo "2127"]
[PlyCount "75"]
[EventDate "2018.03.28"]
[EventType "swiss"]
[EventRounds "9"]
[EventCountry "ESP"]
[SourceTitle "Ajedrez en Madrid"]
[Source "lmi"]
[SourceDate "2018.03.28"]

1. e4 c5 2. Nf3 d6 3. c3 Nf6 4. Be2 g6 5. O-O Bg7 6. Re1 O-O 7. Bf1 Nc6 8. h3
e5 9. Na3 a6 10. d4 exd4 11. cxd4 cxd4 12. Nxd4 Nxd4 13. Qxd4 Re8 14. Bg5 h6
15. Bxf6 Bxf6 16. Qd2 b5 17. g3 Be6 18. Nb1 b4 19. a3 bxa3 20. Rxa3 Qb6 21. Nc3
Qb4 22. h4 h5 23. Rd1 a5 24. Nd5 Bxd5 25. Qxd5 Qc5 26. Bc4 Qxd5 27. Bxd5 Ra7
28. b4 a4 29. Rb1 Rb8 30. Bc6 Rc7 31. Bxa4 Ra7 32. b5 Bd4 33. Ra2 Rba8 34. Rb4
Bc5 35. Rc4 Ra5 36. e5 Rxb5 37. Rd2 Rb4 38. Bc6 0-1

[Event "45. Torneo Internacional La Roda 2018"]
[Site "La Roda ESP"]
[Date "2018.04.01"]
[Round "8.20"]
[White "Gomez Sanjuan, Hector Fernando"]
[Black "Plazuelo Pascual, Juan"]
[Result "0-1"]
[WhiteElo "2196"]
[BlackElo "2330"]
[PlyCount "52"]
[EventDate "2018.03.28"]
[EventType "swiss"]
[EventRounds "9"]
[EventCountry "ESP"]
[SourceTitle "Ajedrez en Madrid"]
[Source "lmi"]
[SourceDate "2018.03.28"]

1. d4 Nf6 2. c4 e6 3. Nf3 d5 4. Nc3 c6 5. Qb3 dxc4 6. Qxc4 b5 7. Qd3 a6 8. e4
c5 9. Bg5 h6 10. Bxf6 gxf6 11. O-O-O c4 12. Qc2 Nd7 13. e5 Qc7 14. d5 f5 15.
dxe6 fxe6 16. g4 Bb7 17. Bg2 Rg8 18. h3 O-O-O 19. Rhg1 b4 20. Ne2 Be4 21. Qd2
Be7 22. Qxh6 Nc5 23. Ned4 c3 24. bxc3 bxc3 25. Nb3 Nxb3+ 26. axb3 Ba3# 0-1

[Event "45. Torneo Internacional La Roda 2018"]
[Site "La Roda ESP"]
[Date "2018.04.01"]
[Round "8.21"]
[White "Alvarez Serrano, Carlos"]
[Black "Vasquez Schroeder, Rodrigo"]
[Result "0-1"]
[WhiteElo "2186"]
[BlackElo "2527"]
[PlyCount "56"]
[EventDate "2018.03.28"]
[EventType "swiss"]
[EventRounds "9"]
[EventCountry "ESP"]
[SourceTitle "Ajedrez en Madrid"]
[Source "lmi"]
[SourceDate "2018.03.28"]

1. d4 Nf6 2. Nf3 e6 3. c4 c5 4. Nc3 cxd4 5. Nxd4 a6 6. a3 Qc7 7. e4 b6 8. Be3
Bb7 9. f3 d6 10. Be2 Be7 11. Qd2 Nbd7 12. Rc1 O-O 13. O-O Rac8 14. b4 Qb8 15.
Qe1 Rfe8 16. Qf2 Bd8 17. Rfd1 Bc7 18. g3 Ne5 19. Nb3 Ned7 20. Bf1 h6 21. Bg2
Ba8 22. a4 Ne5 23. Qf1 Bd8 24. Nb1 Be7 25. Na3 d5 26. cxd5 exd5 27. Bf4 Rxc1
28. Nxc1 Bxb4 0-1

[Event "45. Torneo Internacional La Roda 2018"]
[Site "La Roda ESP"]
[Date "2018.04.01"]
[Round "8.22"]
[White "Lacruz Algarate, Alvaro"]
[Black "Espinosa Aranda, Angel"]
[Result "0-1"]
[WhiteElo "2113"]
[BlackElo "2472"]
[PlyCount "50"]
[EventDate "2018.03.28"]
[EventType "swiss"]
[EventRounds "9"]
[EventCountry "ESP"]
[SourceTitle "Ajedrez en Madrid"]
[Source "lmi"]
[SourceDate "2018.03.28"]

1. e4 c5 2. Nf3 d6 3. Bb5+ Nd7 4. O-O a6 5. Bxd7+ Bxd7 6. d4 cxd4 7. Qxd4 e5 8.
Qd3 Rc8 9. c4 Qc7 10. b3 b5 11. Na3 Qb7 12. Nd2 Nf6 13. Rd1 Be7 14. f3 Nh5 15.
Nf1 Nf4 16. Bxf4 exf4 17. b4 Rc7 18. Rac1 O-O 19. cxb5 Rxc1 20. Rxc1 axb5 21.
Kh1 Ra8 22. Rc2 h6 23. g4 Qa6 24. Nb1 Be6 25. a3 Bc4 0-1

[Event "45. Torneo Internacional La Roda 2018"]
[Site "La Roda ESP"]
[Date "2018.04.01"]
[Round "9.2"]
[White "Merario Alarcon, Andres"]
[Black "Fedorchuk, Sergey A"]
[Result "1/2-1/2"]
[WhiteElo "2384"]
[BlackElo "2642"]
[PlyCount "23"]
[EventDate "2018.03.28"]
[EventType "swiss"]
[EventRounds "9"]
[EventCountry "ESP"]
[SourceTitle "Ajedrez en Madrid"]
[Source "lmi"]
[SourceDate "2018.03.28"]

1. d4 Nf6 2. c4 e6 3. Nf3 b6 4. g3 Bb4+ 5. Bd2 c5 6. Bg2 Bb7 7. Bxb4 cxb4 8.
Qb3 a5 9. a3 Na6 10. O-O O-O 11. Nbd2 d6 12. Nh4 1/2-1/2

[Event "45. Torneo Internacional La Roda 2018"]
[Site "La Roda ESP"]
[Date "2018.04.01"]
[Round "9.3"]
[White "Forcen Esteban, Daniel"]
[Black "Lopez Mulet, Inigo"]
[Result "1-0"]
[WhiteElo "2564"]
[BlackElo "2341"]
[PlyCount "95"]
[EventDate "2018.03.28"]
[EventType "swiss"]
[EventRounds "9"]
[EventCountry "ESP"]
[SourceTitle "Ajedrez en Madrid"]
[Source "lmi"]
[SourceDate "2018.03.28"]

1. e4 e6 2. d4 d5 3. Nc3 Nf6 4. e5 Nfd7 5. f4 c5 6. Nf3 Nc6 7. Be3 Be7 8. Qd2
O-O 9. dxc5 Nxc5 10. O-O-O a6 11. Kb1 Qc7 12. h4 b5 13. Bxc5 Bxc5 14. Ng5 Bb4
15. g4 f6 16. exf6 gxf6 17. Nf3 d4 18. Nxd4 Rd8 19. Qe3 Rxd4 20. Rxd4 Bc5 21.
Rd7 Bxd7 22. Qxc5 Qxf4 23. Bg2 Rc8 24. Ne4 Qe5 25. Qxe5 Nxe5 26. Nxf6+ Kg7 27.
Nxd7 Nxd7 28. b3 a5 29. Re1 Kf7 30. g5 b4 31. Bh3 Nc5 32. Kb2 a4 33. bxa4 Nxa4+
34. Kb3 Rc3+ 35. Kxa4 Rxh3 36. Re4 Ra3+ 37. Kxb4 Rxa2 38. c4 Ke7 39. Kb5 Kd6
40. Rd4+ Kc7 41. Rf4 Kd6 42. Rf7 Rb2+ 43. Ka4 e5 44. Rxh7 e4 45. c5+ Ke6 46.
Rh8 Ke7 47. c6 Rc2 48. c7 1-0

[Event "45. Torneo Internacional La Roda 2018"]
[Site "La Roda ESP"]
[Date "2018.04.01"]
[Round "9.4"]
[White "Popovic, Dusan"]
[Black "Martinez Lopez, David"]
[Result "1-0"]
[WhiteElo "2534"]
[BlackElo "2368"]
[PlyCount "57"]
[EventDate "2018.03.28"]
[EventType "swiss"]
[EventRounds "9"]
[EventCountry "ESP"]
[SourceTitle "Ajedrez en Madrid"]
[Source "lmi"]
[SourceDate "2018.03.28"]

1. e4 e6 2. d4 d5 3. Nd2 Nf6 4. e5 Nfd7 5. Bd3 c5 6. c3 Nc6 7. Ngf3 f5 8. exf6
Nxf6 9. O-O cxd4 10. cxd4 Bd6 11. b3 O-O 12. Bb2 Qb6 13. Ne5 Nxd4 14. Ndc4 dxc4
15. Nxc4 Bxh2+ 16. Kxh2 Qc7+ 17. Kg1 Nc6 18. Qe2 Qf4 19. Ne5 Nb4 20. Rac1 Nbd5
21. Rc4 Qh6 22. g3 g5 23. Qd2 b5 24. Rg4 Nxg4 25. Nxg4 Qh5 26. Be2 Qg6 27. Qd4
Nf4 28. Qh8+ Kf7 29. Ne5+ 1-0

[Event "45. Torneo Internacional La Roda 2018"]
[Site "La Roda ESP"]
[Date "2018.04.01"]
[Round "9.5"]
[White "Korneev, Oleg"]
[Black "Guerra Rivera, Salvador"]
[Result "1-0"]
[WhiteElo "2557"]
[BlackElo "2350"]
[PlyCount "103"]
[EventDate "2018.03.28"]
[EventType "swiss"]
[EventRounds "9"]
[EventCountry "ESP"]
[SourceTitle "Ajedrez en Madrid"]
[Source "lmi"]
[SourceDate "2018.03.28"]

1. e4 e5 2. Nf3 d6 3. d4 exd4 4. Nxd4 Nf6 5. Nc3 Be7 6. g3 Nc6 7. Bg2 O-O 8.
O-O Bg4 9. f3 Nxd4 10. Qxd4 Be6 11. f4 Re8 12. h3 c6 13. Kh2 Qb6 14. Qd3 Rad8
15. Be3 Qa5 16. Bd2 Qc7 17. Qe2 b5 18. b3 Bc8 19. Qe1 b4 20. Nd1 c5 21. c4 Nxe4
22. Bxe4 Bf6 23. Nf2 Bb7 24. Rd1 Bd4 25. Bxb4 Bxf2 26. Ba5 Bxe1 27. Bxc7 Rxe4
28. Rfxe1 Rde8 29. Rxe4 Rxe4 30. g4 Rxf4 31. Bxd6 Rf2+ 32. Kg1 Rg2+ 33. Kf1 h6
34. Bxc5 Rxa2 35. Rd8+ Kh7 36. Rd7 Bg2+ 37. Ke1 Bxh3 38. Rxf7 Kg6 39. Rxa7 Rxa7
40. Bxa7 Bxg4 41. Kd2 Bd7 42. b4 Kf5 43. b5 Ke5 44. Kc3 Kd6 45. Bb6 g5 46. Kd4
Bh3 47. c5+ Kd7 48. c6+ Kd6 49. Ba7 Bf1 50. Bb8+ Ke7 51. b6 Kd8 52. b7 1-0

[Event "45. Torneo Internacional La Roda 2018"]
[Site "La Roda ESP"]
[Date "2018.04.01"]
[Round "9.6"]
[White "Oratovsky, Michael"]
[Black "Martin Duque, Jesus"]
[Result "0-1"]
[WhiteElo "2445"]
[BlackElo "2345"]
[PlyCount "110"]
[EventDate "2018.03.28"]
[EventType "swiss"]
[EventRounds "9"]
[EventCountry "ESP"]
[SourceTitle "Ajedrez en Madrid"]
[Source "lmi"]
[SourceDate "2018.03.28"]

1. e4 e6 2. d3 d5 3. Nd2 Nf6 4. Ngf3 Be7 5. g3 c5 6. Bg2 Nc6 7. O-O b6 8. Re1
Bb7 9. c3 Qc7 10. Nf1 dxe4 11. dxe4 Rd8 12. Qe2 O-O 13. e5 Nd5 14. h4 Qd7 15.
Qe4 Nc7 16. Ng5 g6 17. Qf4 f5 18. exf6 Bxf6 19. Qe3 Rde8 20. Nd2 Ba6 21. Ndf3
Bg7 22. Qd2 Qxd2 23. Bxd2 h6 24. Ne4 Rd8 25. Bf4 Nd5 26. Bd6 Rf7 27. Rad1 Kh8
28. Nfd2 Nce7 29. Bxe7 Nxe7 30. Bf1 Bb7 31. Nc4 Rxd1 32. Rxd1 Bd5 33. Ned6 Rf8
34. a4 Kg8 35. Nb5 Nc6 36. Re1 Rd8 37. Nd2 Ne5 38. f4 Bb7 39. fxe5 Rxd2 40. Bh3
Kh7 41. Nc7 Rd3 42. Nxe6 Rxg3+ 43. Kh2 Rxh3+ 44. Kxh3 Bc8 45. Kg3 Bxe6 46. Kf4
Bf8 47. a5 b5 48. h5 gxh5 49. Rh1 Kg6 50. Rg1+ Kf7 51. Rh1 Bg4 52. a6 Ke6 53.
Ke4 Be7 54. Rh2 Bf5+ 55. Kf3 h4 0-1

[Event "45. Torneo Internacional La Roda 2018"]
[Site "La Roda ESP"]
[Date "2018.04.01"]
[Round "9.7"]
[White "Plazuelo Pascual, Juan"]
[Black "Ladron De Guevara Pinto, Paolo"]
[Result "1/2-1/2"]
[WhiteElo "2330"]
[BlackElo "2422"]
[PlyCount "32"]
[EventDate "2018.03.28"]
[EventType "swiss"]
[EventRounds "9"]
[EventCountry "ESP"]
[SourceTitle "Ajedrez en Madrid"]
[Source "lmi"]
[SourceDate "2018.03.28"]

1. d4 g6 2. e4 Bg7 3. c4 d6 4. Nc3 Nc6 5. Nge2 e5 6. d5 Nce7 7. h4 h5 8. Ng3
Nh6 9. Bd3 c6 10. Qe2 a6 11. f3 O-O 12. Be3 b5 13. dxc6 Nxc6 14. Qd2 Kh7 15.
cxb5 axb5 16. Nxb5 Nd4 1/2-1/2

[Event "45. Torneo Internacional La Roda 2018"]
[Site "La Roda ESP"]
[Date "2018.04.01"]
[Round "9.8"]
[White "Campora, Daniel H"]
[Black "Cabezas Ayala, Ivan"]
[Result "1/2-1/2"]
[WhiteElo "2419"]
[BlackElo "2297"]
[PlyCount "28"]
[EventDate "2018.03.28"]
[EventType "swiss"]
[EventRounds "9"]
[EventCountry "ESP"]
[SourceTitle "Ajedrez en Madrid"]
[Source "lmi"]
[SourceDate "2018.03.28"]

1. Nf3 Nf6 2. g3 g6 3. Bg2 Bg7 4. O-O O-O 5. c4 d6 6. Nc3 e5 7. d3 Nc6 8. Rb1
a5 9. a3 Re8 10. Bg5 h6 11. Bxf6 Bxf6 12. b4 axb4 13. axb4 Bg7 14. b5 Ne7
1/2-1/2

[Event "45. Torneo Internacional La Roda 2018"]
[Site "La Roda ESP"]
[Date "2018.04.01"]
[Round "9.9"]
[White "Valhondo Morales, Ruben"]
[Black "Quintin Navarro, Alberto"]
[Result "1/2-1/2"]
[WhiteElo "2127"]
[BlackElo "2380"]
[PlyCount "69"]
[EventDate "2018.03.28"]
[EventType "swiss"]
[EventRounds "9"]
[EventCountry "ESP"]
[SourceTitle "Ajedrez en Madrid"]
[Source "lmi"]
[SourceDate "2018.03.28"]

1. e4 e5 2. Nf3 Nc6 3. Nc3 Nf6 4. Bb5 Bd6 5. d3 h6 6. O-O O-O 7. Ne2 Re8 8. Ng3
Bf8 9. Re1 d6 10. c3 Bd7 11. a4 a6 12. Bc4 Na5 13. Ba2 c5 14. Nh4 Be6 15. Bxe6
Rxe6 16. c4 Nc6 17. Nhf5 Kh7 18. Ne3 Re8 19. Rf1 g6 20. Ne2 Bg7 21. Nc3 Rf8 22.
Ncd5 Nxd5 23. cxd5 Nd4 24. a5 Bf6 25. Nc4 Bg5 26. Be3 Bxe3 27. fxe3 Nb5 28. Qg4
Qe7 29. Rf2 Nc7 30. Raf1 Ne8 31. Rf3 Rd8 32. R1f2 Ng7 33. Rf6 Nh5 34. R6f3 Ng7
35. Rf6 1/2-1/2

[Event "45. Torneo Internacional La Roda 2018"]
[Site "La Roda ESP"]
[Date "2018.04.01"]
[Round "9.10"]
[White "Castellanos Gomez, Alejandro"]
[Black "Perez Garcia, Alejandro"]
[Result "1-0"]
[WhiteElo "2224"]
[BlackElo "2355"]
[PlyCount "143"]
[EventDate "2018.03.28"]
[EventType "swiss"]
[EventRounds "9"]
[EventCountry "ESP"]
[SourceTitle "Ajedrez en Madrid"]
[Source "lmi"]
[SourceDate "2018.03.28"]

1. d4 Nf6 2. Nf3 d5 3. Bf4 c5 4. e3 Nc6 5. c3 Qb6 6. Qb3 c4 7. Qc2 Bf5 8. Qc1
e6 9. Be2 h6 10. Bd1 Be7 11. Nbd2 O-O 12. Bc2 Qd8 13. O-O b5 14. Re1 Bxc2 15.
Qxc2 Nh5 16. Ne5 Nxe5 17. Bxe5 f6 18. Bg3 Nxg3 19. hxg3 f5 20. g4 Bd6 21. gxf5
exf5 22. f4 g5 23. Nf3 g4 24. Ne5 Bxe5 25. dxe5 Qh4 26. Qf2 Qxf2+ 27. Kxf2 Rab8
28. Rad1 Rfd8 29. Rd4 b4 30. cxb4 Rxb4 31. b3 Rdb8 32. Rxd5 cxb3 33. axb3 Rxb3
34. e6 Re8 35. Re5 Rb6 36. e4 Rexe6 37. Rxf5 Rec6 38. Kg3 Rc3+ 39. Kh4 Rc2 40.
Rg1 Rbb2 41. Kg3 Kg7 42. Ra5 Kg6 43. Kxg4 Rxg2+ 44. Rxg2 Rxg2+ 45. Kf3 Rb2 46.
Rxa7 Rb3+ 47. Kg4 h5+ 48. Kh4 Rf3 49. Ra6+ Kf7 50. Kg5 h4 51. Rh6 h3 52. Kg4
Re3 53. e5 Re1 54. Rxh3 Kg6 55. f5+ Kf7 56. Kf4 Rf1+ 57. Rf3 Rb1 58. Rg3 Rf1+
59. Kg5 Re1 60. e6+ Ke7 61. f6+ Kxe6 62. Kg6 Rf1 63. Re3+ Kd7 64. Kf7 Rg1 65.
Rd3+ Kc7 66. Kf8 Rf1 67. f7 Rg1 68. Rd4 Kc8 69. Ke7 Re1+ 70. Kf6 Rf1+ 71. Ke6
Kc7 72. Rd5 1-0

[Event "45. Torneo Internacional La Roda 2018"]
[Site "La Roda ESP"]
[Date "2018.04.01"]
[Round "9.11"]
[White "Espinosa Aranda, Angel"]
[Black "Moreno Ibanez, Miguel"]
[Result "1-0"]
[WhiteElo "2472"]
[BlackElo "2270"]
[PlyCount "125"]
[EventDate "2018.03.28"]
[EventType "swiss"]
[EventRounds "9"]
[EventCountry "ESP"]
[SourceTitle "Ajedrez en Madrid"]
[Source "lmi"]
[SourceDate "2018.03.28"]

1. e4 c5 2. Nc3 Nc6 3. Bb5 Nd4 4. Bc4 e6 5. Nge2 a6 6. Nxd4 cxd4 7. Ne2 b5 8.
Bb3 Bb7 9. d3 Bc5 10. O-O Ne7 11. Ng3 Nc6 12. a3 h5 13. Bd2 h4 14. Ne2 h3 15.
g3 Ne5 16. Nc1 d5 17. Qe2 dxe4 18. dxe4 Qf6 19. Bf4 Ng6 20. Nd3 Nxf4 21. Nxf4
Rh4 22. Kh1 Rxf4 23. gxf4 Qxf4 24. f3 Ke7 25. Qf2 Bd6 26. Rae1 Be5 27. Rg1 f5
28. Qg3 Qxg3 29. hxg3 fxe4 30. fxe4 g5 31. Kh2 g4 32. Rgf1 Rd8 33. Rd1 Rc8 34.
Rd2 Bc6 35. Ra1 Be8 36. a4 b4 37. Re1 Bg6 38. a5 Rc5 39. Ra1 Bxe4 40. Ra4 d3
41. cxd3 Bc6 42. Ra1 Bd6 43. Re1 Re5 44. Rde2 Rxe2+ 45. Rxe2 e5 46. Bc4 Bf3 47.
Re1 Bb7 48. Rf1 Bf3 49. Bxa6 Bc7 50. Ra1 Kd6 51. Bc8 Bb8 52. Rc1 Ba7 53. Rc4
Bc5 54. Bxg4 Bd5 55. Rc2 Bb3 56. Rc1 Be3 57. Ra1 Bd4 58. a6 Bd5 59. a7 Ba8 60.
Rc1 Bc5 61. Bxh3 Bb7 62. Bg2 Bxg2 63. Rxc5 1-0

[Event "45. Torneo Internacional La Roda 2018"]
[Site "La Roda ESP"]
[Date "2018.04.01"]
[Round "9.12"]
[White "Roig Aguilar, Alejandro"]
[Black "Epishin, Vladimir"]
[Result "0-1"]
[WhiteElo "2250"]
[BlackElo "2551"]
[PlyCount "84"]
[EventDate "2018.03.28"]
[EventType "swiss"]
[EventRounds "9"]
[EventCountry "ESP"]
[SourceTitle "Ajedrez en Madrid"]
[Source "lmi"]
[SourceDate "2018.03.28"]

1. d4 g6 2. c4 c5 3. d5 Bg7 4. Nc3 d6 5. e4 a6 6. h3 e6 7. Bd3 Ne7 8. a4 O-O 9.
Nf3 b6 10. Be3 Nd7 11. Qd2 Re8 12. O-O e5 13. Rab1 f5 14. Ng5 Nf8 15. exf5 gxf5
16. f4 e4 17. Be2 h6 18. Ne6 Bxe6 19. dxe6 Nxe6 20. Bh5 Rf8 21. Rfd1 Nd4 22.
Qf2 Nec6 23. Nd5 a5 24. b3 Ra7 25. Kh1 Nb4 26. Nxb4 axb4 27. Rd2 Rd7 28. Be2
Qf6 29. Kh2 Kh8 30. Bh5 d5 31. cxd5 Rxd5 32. Be2 Nxe2 33. Rxe2 Rd3 34. g4 fxg4
35. hxg4 Qf7 36. f5 Kh7 37. Qg2 Re8 38. Rf1 Rxb3 39. f6 Bxf6 40. Ref2 Re6 41.
Bxh6 Qg6 42. Bf4 Bd4 0-1

[Event "45. Torneo Internacional La Roda 2018"]
[Site "La Roda ESP"]
[Date "2018.04.01"]
[Round "9.13"]
[White "Vasquez Schroeder, Rodrigo"]
[Black "Serarols Mabras, Bernat"]
[Result "1/2-1/2"]
[WhiteElo "2527"]
[BlackElo "2240"]
[PlyCount "83"]
[EventDate "2018.03.28"]
[EventType "swiss"]
[EventRounds "9"]
[EventCountry "ESP"]
[SourceTitle "Ajedrez en Madrid"]
[Source "lmi"]
[SourceDate "2018.03.28"]

1. e4 c6 2. d4 d5 3. e5 Bf5 4. h4 h5 5. Bd3 Bxd3 6. Qxd3 e6 7. Bg5 Be7 8. Nf3
Nh6 9. Nc3 Nf5 10. Ne2 Nd7 11. c3 Rc8 12. g3 a6 13. b4 a5 14. a3 Ra8 15. O-O b5
16. Nf4 g6 17. Bxe7 Kxe7 18. a4 bxa4 19. Rxa4 axb4 20. Rxb4 Qa5 21. Rfb1 Rhb8
22. Kg2 Qa2 23. Kg1 Rxb4 24. Rxb4 Rb8 25. Rxb8 Nxb8 26. Qd1 Nd7 27. Nd3 Qc4 28.
Qd2 c5 29. Nf4 Qb3 30. Kg2 Ke8 31. Ne2 Qa3 32. Qc2 Ke7 33. Qb1 cxd4 34. cxd4
Qa4 35. Qb2 Kf8 36. Nc3 Qc6 37. Ne2 Kg8 38. Nf4 Nf8 39. Qb8 Kg7 40. Qa7 Qd7 41.
Qc5 Qb7 42. Qc3 1/2-1/2

[Event "45. Torneo Internacional La Roda 2018"]
[Site "La Roda ESP"]
[Date "2018.04.01"]
[Round "9.14"]
[White "Garcia Romero, Benjamin Abel"]
[Black "Stankovic, Milos"]
[Result "0-1"]
[WhiteElo "2239"]
[BlackElo "2416"]
[PlyCount "128"]
[EventDate "2018.03.28"]
[EventType "swiss"]
[EventRounds "9"]
[EventCountry "ESP"]
[SourceTitle "Ajedrez en Madrid"]
[Source "lmi"]
[SourceDate "2018.03.28"]

1. d4 Nf6 2. c4 g6 3. Nc3 d5 4. cxd5 Nxd5 5. e4 Nxc3 6. bxc3 Bg7 7. Bc4 c5 8.
Ne2 Nc6 9. Be3 O-O 10. O-O b6 11. Rb1 Qc7 12. dxc5 bxc5 13. Qc1 Bb7 14. Rd1
Rad8 15. Rxd8 Rxd8 16. Nf4 Ne5 17. Bd5 Bc8 18. Qa3 e6 19. Bb3 Bf8 20. c4 Ng4
21. Bd1 Nxe3 22. Qxe3 Rd4 23. Be2 Qa5 24. g3 Qxa2 25. Rb8 Rd8 26. Kg2 e5 27.
Ne6 fxe6 28. Bg4 Qa6 29. Qg5 Qd6 30. Bxe6+ Bxe6 31. Rxd8 Qc7 32. Qf6 Qf7 33.
Qxe5 Qe7 34. Qb8 Bxc4 35. Re8 Qf7 36. Qe5 Be2 37. f4 Bg4 38. Rb8 Qa2+ 39. Kg1
Bh3 40. Qd5+ Qxd5 41. exd5 c4 42. Kf2 c3 43. Ke2 c2 44. Kd2 Bf5 45. g4 Bxg4 46.
Kxc2 a5 47. Ra8 Kg7 48. Rxa5 Bd6 49. Ra4 Kf6 50. Ra6 Ke7 51. Ra4 Bd7 52. Rc4
Kf6 53. Kd2 Bb5 54. Re4 Bc5 55. Re5 Bd7 56. Ke2 Bg4+ 57. Kd2 Bd6 58. Re4 Kf5
59. Ke3 Bd1 60. h4 Bc5+ 61. Kd3 Bc2+ 62. Kc4 Kxe4 63. Kxc5 Kxf4 64. Kd6 Kg4 0-1

[Event "45. Torneo Internacional La Roda 2018"]
[Site "La Roda ESP"]
[Date "2018.04.01"]
[Round "9.15"]
[White "Suarez Uriel, Adrian"]
[Black "Insa Alfonso, Pablo"]
[Result "1/2-1/2"]
[WhiteElo "2412"]
[BlackElo "2239"]
[PlyCount "127"]
[EventDate "2018.03.28"]
[EventType "swiss"]
[EventRounds "9"]
[EventCountry "ESP"]
[SourceTitle "Ajedrez en Madrid"]
[Source "lmi"]
[SourceDate "2018.03.28"]

1. e4 Nf6 2. e5 Nd5 3. d4 d6 4. c4 Nb6 5. exd6 cxd6 6. Nc3 g6 7. Be3 Bg7 8. Rc1
O-O 9. b3 e5 10. dxe5 dxe5 11. Qxd8 Rxd8 12. c5 N6d7 13. Bc4 e4 14. f4 Nf6 15.
h3 Nc6 16. Nge2 a6 17. O-O Na5 18. Rfd1 Re8 19. Bd5 Rb8 20. Rd2 Nxd5 21. Nxd5
Nc6 22. Rcd1 Be6 23. Nc7 Re7 24. Nxe6 Rxe6 25. Rd7 Kf8 26. g4 Nb4 27. f5 gxf5
28. gxf5 Ree8 29. R1d6 Be5 30. Rb6 Nc2 31. Kf2 Re7 32. Bh6+ Ke8 33. Rd5 Bc7 34.
Bf4 Bxb6 35. Bxb8 Nb4 36. Rd1 Bxc5+ 37. Kg3 Rd7 38. Rxd7 Kxd7 39. Nc3 e3 40.
Kf3 Nc6 41. Bg3 Nd4+ 42. Ke4 e2 43. b4 Ba7 44. a4 b5 45. axb5 axb5 46. Bh4 Kc6
47. Bg3 Nc2 48. Nxe2 Nxb4 49. Be5 Nd5 50. Bb2 Be3 51. f6 Kc5 52. Ng3 Bd2 53.
Kd3 Be1 54. Ne4+ Kb4 55. Ng5 Bh4 56. Nxf7 Bxf6 57. Bc1 Kb3 58. Bd2 b4 59. Nd6
Bc3 60. Bc1 Be5 61. Nf5 Bf4 62. Nd4+ Ka2 63. Bxf4 Nxf4+ 64. Kc4 1/2-1/2

[Event "45. Torneo Internacional La Roda 2018"]
[Site "La Roda ESP"]
[Date "2018.04.01"]
[Round "9.16"]
[White "Pilgaard, Kim"]
[Black "Tudela Corbalan, Carlos"]
[Result "1/2-1/2"]
[WhiteElo "2397"]
[BlackElo "2232"]
[PlyCount "112"]
[EventDate "2018.03.28"]
[EventType "swiss"]
[EventRounds "9"]
[EventCountry "ESP"]
[SourceTitle "Ajedrez en Madrid"]
[Source "lmi"]
[SourceDate "2018.03.28"]

1. d4 g6 2. e4 Bg7 3. c4 d6 4. Nc3 Nd7 5. Be3 e5 6. Nf3 Ne7 7. Be2 O-O 8. Qd2
c6 9. O-O f5 10. Bg5 fxe4 11. Nxe4 exd4 12. Nxd4 Nc5 13. Nc3 Bxd4 14. Qxd4 Ne6
15. Qd2 Nxg5 16. Qxg5 Nf5 17. Qd2 Be6 18. Rad1 Qh4 19. g3 Qe7 20. Rfe1 Rad8 21.
Bf1 Qf7 22. b3 h6 23. Bg2 Kh7 24. f4 a6 25. Qf2 Ng7 26. Rd2 Bf5 27. Ne4 Bxe4
28. Bxe4 Qf6 29. Red1 Rf7 30. Rd3 Re7 31. Bf3 Nf5 32. Bg4 Red7 33. Qd2 d5 34.
Bxf5 Qxf5 35. Rd4 h5 36. Qg2 dxc4 37. Rxd7+ Rxd7 38. Rxd7+ Qxd7 39. Qc2 Qd4+
40. Kf1 c3 41. Qe2 b5 42. Qe7+ Qg7 43. Qc5 b4 44. Ke2 a5 45. Qxc6 Qe7+ 46. Kd3
Qd8+ 47. Ke4 Qe7+ 48. Kd3 Qf7 49. Ke3 Qf5 50. Qc7+ Kg8 51. Qd8+ Kf7 52. Qc7+
Ke8 53. Qc6+ Ke7 54. Qc7+ Ke8 55. Qb8+ Ke7 56. Qc7+ Ke8 1/2-1/2